<?xml version="1.0" encoding="UTF-8"?>
<record
    xmlns:xsi="http://www.w3.org/2001/XMLSchema-instance"
    xsi:schemaLocation="http://www.loc.gov/MARC21/slim http://www.loc.gov/standards/marcxml/schema/MARC21slim.xsd"
    xmlns="http://www.loc.gov/MARC21/slim">

  <leader>05728nam a2200553 a 4500</leader>
  <controlfield tag="001">000115856</controlfield>
  <controlfield tag="003">CHAP</controlfield>
  <controlfield tag="005">20240620112127.0</controlfield>
  <controlfield tag="007">ta</controlfield>
  <controlfield tag="008">190716s2019    mx ado |rm   |||1|||spa d</controlfield>
  <datafield tag="010" ind1=" " ind2=" ">
    <subfield code="a">112317</subfield>
  </datafield>
  <datafield tag="011" ind1=" " ind2=" ">
    <subfield code="a">113289</subfield>
  </datafield>
  <datafield tag="040" ind1=" " ind2=" ">
    <subfield code="c">CHAP</subfield>
    <subfield code="a">mxchpua</subfield>
    <subfield code="e">rda</subfield>
  </datafield>
  <datafield tag="041" ind1="0" ind2=" ">
    <subfield code="a">spa</subfield>
    <subfield code="b">eng</subfield>
  </datafield>
  <datafield tag="090" ind1=" " ind2=" ">
    <subfield code="a">Tesis </subfield>
    <subfield code="b">C75 </subfield>
    <subfield code="c">2019</subfield>
  </datafield>
  <datafield tag="100" ind1="1" ind2=" ">
    <subfield code="a">Crisp&#xED;n Isidro, Guadalupe</subfield>
  </datafield>
  <datafield tag="240" ind1="1" ind2="0">
    <subfield code="a">Influence of purification on physicochemical and emulsifying properties of tamarind (tamarindus indica l.) seed gum.</subfield>
    <subfield code="l">Espa&#xF1;ol</subfield>
  </datafield>
  <datafield tag="245" ind1="1" ind2="0">
    <subfield code="a">Caracterizaci&#xF3;n fisicoqu&#xED;mica de goma de semilla de tamarindo y su funcionalidad como estabilizante en emulsiones /</subfield>
    <subfield code="c">Guadalupe Crisp&#xED;n Isidro</subfield>
  </datafield>
  <datafield tag="264" ind1=" " ind2=" ">
    <subfield code="a">Chapingo, M&#xE9;xico :</subfield>
    <subfield code="b">El autor,</subfield>
    <subfield code="c">2019</subfield>
  </datafield>
  <datafield tag="300" ind1=" " ind2=" ">
    <subfield code="a">xi, 55 hojas : </subfield>
    <subfield code="b">ilustraciones, gr&#xE1;ficas, fotograf&#xED;as +</subfield>
    <subfield code="e">1 CD-ROM</subfield>
  </datafield>
  <datafield tag="336" ind1=" " ind2=" ">
    <subfield code="2">rdacontent</subfield>
    <subfield code="a">texto</subfield>
    <subfield code="b">txt</subfield>
  </datafield>
  <datafield tag="337" ind1=" " ind2=" ">
    <subfield code="2">rdamedia</subfield>
    <subfield code="a">no mediado</subfield>
    <subfield code="b">n</subfield>
  </datafield>
  <datafield tag="338" ind1=" " ind2=" ">
    <subfield code="2">rdacarrier</subfield>
    <subfield code="a">volumen</subfield>
    <subfield code="b">nc</subfield>
  </datafield>
  <datafield tag="502" ind1=" " ind2=" ">
    <subfield code="a">Tesis</subfield>
    <subfield code="b">(Doctor en Ciencias Agroalimentarias) --</subfield>
    <subfield code="c">UACh. Departamento de Ingenier&#xED;a Agroindustrial,</subfield>
    <subfield code="d">2019</subfield>
  </datafield>
  <datafield tag="504" ind1=" " ind2=" ">
    <subfield code="a">Incluye bibliograf&#xED;as</subfield>
  </datafield>
  <datafield tag="520" ind1="3" ind2=" ">
    <subfield code="a">Se investigaron los efectos de diferentes m&#xE9;todos de purificaci&#xF3;n sobre el rendimiento, composici&#xF3;n qu&#xED;mica, propiedades fisicoqu&#xED;micas y emulsionantes de la goma de semilla de tamarindo. Se extrajo goma de pureza baja (GSTPB) de semillas enteras; goma de pureza media (GSTPM) del grano desgrasado y goma de pureza alta (GSTPA), a la que se le elimin&#xF3; la prote&#xED;na soluble. Espectros Infrarrojos de Transformada de Fourier mostraron que los picos caracter&#xED;sticos del esqueleto de polisac&#xE1;rido no cambiaron, mientras que la deconvoluci&#xF3;n de la regi&#xF3;n amida I revel&#xF3; que la prote&#xED;na fue desnaturalizada. La cromatograf&#xED;a de interacci&#xF3;n hidrof&#xF3;bica de GSTPA mostr&#xF3; una fracci&#xF3;n principal (F3) que conten&#xED;a prote&#xED;na fuertemente unida al esqueleto del polisac&#xE1;rido. Los valores de rendimiento y potencial zeta (&#x3B6;) de las gomas disminuyeron a medida que aumentaba su purificaci&#xF3;n. El comportamiento de flujo de soluciones de GST (1.5 y 2.0 % p/p) fue descrito por el modelo de Ellis, donde la viscosidad a bajas tasas de corte y la constante de tiempo asociada al tiempo de relajaci&#xF3;n de los pol&#xED;meros en soluci&#xF3;n, mostraron valores m&#xE1;s altos a medida que aumentaron la concentraci&#xF3;n y la purificaci&#xF3;n. Las emulsiones de aceite en agua (E) preparadas con soluciones de goma GST al 2 % p/p produjeron gotas de aceite iniciales de 1.35 &#xB1; 0.15 &#xB5;m para GSTPB, de 4.82 &#xB1; 0.10 &#xB5;m para GSTPM, y de 9.45 &#xB1; 0.10 &#xB5;m para GSTPA. EPB y EPA mostraron una estabilidad al cremado m&#xE1;s alta (21 d&#xED;as) que EPM. Se concluy&#xF3; que la estabilidad de la emulsi&#xF3;n se deb&#xED;a a una interacci&#xF3;n compleja entre varios factores, incluida la composici&#xF3;n qu&#xED;mica, viscosidad aparente, &#xE1;ngulo de contacto, din&#xE1;mica de tensi&#xF3;n interfacial, carga superficial. Lo anterior relacionado con la repulsi&#xF3;n electroest&#xE9;rica y las propiedades mec&#xE1;nicas de la capa adsorbida alrededor de las gotitas de aceite.</subfield>
  </datafield>
  <datafield tag="520" ind1="3" ind2=" ">
    <subfield code="a">The effects of different purification methods on the yield, chemical composition, physicochemical, and emulsifying properties of tamarind seed gum were investigated. Low purity gum (TSGLP) was extracted from whole tamarind seeds; medium purity gum (TSGMP) was extracted from defatted tamarind kernel, and high purity gum (TSGHP) was extracted as TSGMP and soluble protein was removed. Fourier transform infrared spectra showed that characteristic peaks of the polysaccharide backbone did not change, while deconvolution of the amide I region revealed that the protein was denatured. Hydrophobic interaction chromatography of TSGHP showed a main fraction (F3) containing protein strongly attached to the polysaccharide backbone. Yield and zeta (&#x3B6;)-potential values of the gums decreased as their purification increased. Flow behavior of TSG solutions (1.5 and 2.0% w/w) was described by Ellis model, where low shear limiting viscosity and time constant associated to the relaxation time of polymers in solution exhibited higher values as concentration and purification were increased. Oil-in-water (O/W) emulsions (E) prepared with 2% w/w TSG gum solutions produced initial oil droplets of 1.35 &#xB1; 0.15 &#xB5;m for TSGLP, of 4.82 &#xB1; 0.10 &#xB5;m for TSGMP, and of 9.45 &#xB1; 0.10 &#xB5;m for TSGHP. ELP and EHP exhibited higher creaming stability (21 days) than EMP. It was concluded that emulsion stability was due to a complex interplay between several factors, including chemical composition, apparent viscosity, contact angle, interfacial tension dynamics, surface charge, all of which had bearing on the electrosteric repulsion terms and adsorbed layer mechanical properties around the oil droplets.</subfield>
  </datafield>
  <datafield tag="590" ind1=" " ind2=" ">
    <subfield code="a">E6339RRR</subfield>
    <subfield code="b">05</subfield>
    <subfield code="c">20190716</subfield>
  </datafield>
  <datafield tag="590" ind1=" " ind2=" ">
    <subfield code="a">E6339RRR</subfield>
    <subfield code="b">05</subfield>
    <subfield code="c">20190716</subfield>
  </datafield>
  <datafield tag="650" ind1="1" ind2="3">
    <subfield code="a">Gomas  </subfield>
    <subfield code="x">Propiedades fisicoqu&#xED;micas</subfield>
    <subfield code="2">atg</subfield>
  </datafield>
  <datafield tag="650" ind1="1" ind2="3">
    <subfield code="a">Gomas  </subfield>
    <subfield code="x">Propiedades rheol&#xF3;gicas</subfield>
    <subfield code="2">atg</subfield>
  </datafield>
  <datafield tag="650" ind1="1" ind2="3">
    <subfield code="a">Tamarindos</subfield>
    <subfield code="x">Semillas</subfield>
    <subfield code="2">atg</subfield>
  </datafield>
  <datafield tag="650" ind1="1" ind2="3">
    <subfield code="a">Gomas  </subfield>
    <subfield code="x">Productos de semillas</subfield>
    <subfield code="2">atg</subfield>
  </datafield>
  <datafield tag="650" ind1="1" ind2="0">
    <subfield code="a">Emulsificadores  </subfield>
    <subfield code="2">atg</subfield>
  </datafield>
  <datafield tag="650" ind1="1" ind2="3">
    <subfield code="a">Plant gums</subfield>
    <subfield code="x">Physicochemical properties</subfield>
    <subfield code="2">atg</subfield>
  </datafield>
  <datafield tag="650" ind1="1" ind2="3">
    <subfield code="a">Plant gums</subfield>
    <subfield code="x">Rheological properties</subfield>
    <subfield code="2">atg</subfield>
  </datafield>
  <datafield tag="650" ind1="1" ind2="3">
    <subfield code="a">Tamarinds</subfield>
    <subfield code="x">Seeds</subfield>
    <subfield code="2">atg</subfield>
  </datafield>
  <datafield tag="650" ind1="1" ind2="3">
    <subfield code="a">Plant gums</subfield>
    <subfield code="x">Seeds products</subfield>
    <subfield code="2">atg</subfield>
  </datafield>
  <datafield tag="650" ind1="1" ind2="3">
    <subfield code="a">Emulsifiers</subfield>
    <subfield code="2">atg</subfield>
  </datafield>
  <datafield tag="700" ind1="1" ind2=" ">
    <subfield code="a">Lobato Calleros, Consuelo Silvia Olivia</subfield>
    <subfield code="e">directora</subfield>
  </datafield>
  <datafield tag="700" ind1="1" ind2=" ">
    <subfield code="a">Hern&#xE1;ndez Rodr&#xED;guez, Landy</subfield>
    <subfield code="e">directora</subfield>
  </datafield>
  <datafield tag="700" ind1="1" ind2=" ">
    <subfield code="a">Sandoval Castilla, Ofelia</subfield>
    <subfield code="e">asesora</subfield>
  </datafield>
  <datafield tag="700" ind1="1" ind2=" ">
    <subfield code="a">Ram&#xED;rez Santiago, C&#xE9;sar</subfield>
    <subfield code="e">asesor</subfield>
  </datafield>
  <datafield tag="856" ind1="4" ind2="1">
    <subfield code="u">http://10.13.5.2/tesis/sist115856.pdf</subfield>
    <subfield code="y">DESCARGAR PDF</subfield>
  </datafield>
  <datafield tag="901" ind1=" " ind2=" ">
    <subfield code="a">Tesis C75 2019</subfield>
  </datafield>
  <datafield tag="942" ind1=" " ind2=" ">
    <subfield code="c">TESIS</subfield>
    <subfield code="2">Clasificaci&#xF3;n Universidad Aut&#xF3;noma Chapingo</subfield>
  </datafield>
  <datafield tag="999" ind1=" " ind2=" ">
    <subfield code="c">112317</subfield>
    <subfield code="d">112317</subfield>
  </datafield>
  <datafield tag="952" ind1=" " ind2=" ">
    <subfield code="0">0</subfield>
    <subfield code="1">0</subfield>
    <subfield code="2">local</subfield>
    <subfield code="4">0</subfield>
    <subfield code="7">1</subfield>
    <subfield code="8">TESIS</subfield>
    <subfield code="a">BC</subfield>
    <subfield code="b">BC</subfield>
    <subfield code="d">2019-07-16</subfield>
    <subfield code="f">TESIS</subfield>
    <subfield code="l">0</subfield>
    <subfield code="o">Tesis</subfield>
    <subfield code="p">115867-10</subfield>
    <subfield code="r">2019-12-31 00:00:00</subfield>
    <subfield code="w">2019-07-16</subfield>
    <subfield code="y">CD</subfield>
  </datafield>
  <datafield tag="952" ind1=" " ind2=" ">
    <subfield code="0">0</subfield>
    <subfield code="1">0</subfield>
    <subfield code="2">local</subfield>
    <subfield code="4">0</subfield>
    <subfield code="5">1</subfield>
    <subfield code="7">0</subfield>
    <subfield code="8">TESIS</subfield>
    <subfield code="a">IA_</subfield>
    <subfield code="b">IA_</subfield>
    <subfield code="d">2022-08-30</subfield>
    <subfield code="e">El autor</subfield>
    <subfield code="l">0</subfield>
    <subfield code="o">Tesis C75 2019</subfield>
    <subfield code="p">1101013664</subfield>
    <subfield code="r">2022-08-30 00:00:00</subfield>
    <subfield code="t">Ej. 1</subfield>
    <subfield code="y">CD</subfield>
  </datafield>
  <datafield tag="952" ind1=" " ind2=" ">
    <subfield code="0">0</subfield>
    <subfield code="1">0</subfield>
    <subfield code="2">local</subfield>
    <subfield code="4">0</subfield>
    <subfield code="5">1</subfield>
    <subfield code="7">0</subfield>
    <subfield code="8">TESIS</subfield>
    <subfield code="a">IA_</subfield>
    <subfield code="b">IA_</subfield>
    <subfield code="d">2022-08-30</subfield>
    <subfield code="e">El autor</subfield>
    <subfield code="l">0</subfield>
    <subfield code="o">Tesis C75 2019</subfield>
    <subfield code="p">1101013665</subfield>
    <subfield code="r">2022-08-30 00:00:00</subfield>
    <subfield code="t">Ej. 2</subfield>
    <subfield code="y">CD</subfield>
  </datafield>
  <datafield tag="952" ind1=" " ind2=" ">
    <subfield code="0">0</subfield>
    <subfield code="1">0</subfield>
    <subfield code="2">local</subfield>
    <subfield code="4">0</subfield>
    <subfield code="7">0</subfield>
    <subfield code="8">TesdigD</subfield>
    <subfield code="a">IA_</subfield>
    <subfield code="b">IA_</subfield>
    <subfield code="c">E_L</subfield>
    <subfield code="d">2023-02-28</subfield>
    <subfield code="e">El autor</subfield>
    <subfield code="l">0</subfield>
    <subfield code="p">1201013664</subfield>
    <subfield code="r">2023-02-28 00:00:00</subfield>
    <subfield code="w">2023-02-28</subfield>
    <subfield code="y">TD</subfield>
  </datafield>
</record>
